000 00593nam a22001697a 4500
003 NUST
038 _aNusrat Nadeem
082 _a200
100 _aChauhdary, Rimsha
_997377
245 _aTowards Mimicking The Network Traffic Streams Using Machine Learning Techniques /
_cRimsha Chauhdary
264 _aIslamabad :
_bSEECS, NUST,
_c2022.
300 _a45 p. ;
650 _aMS-Electrical Engineering (Telecommunication and Computer Networks)
_9126446
700 _aSupervisor: Dr. Syed Taha Ali
_997104
856 _uhttp://10.250.8.41:8080/xmlui/handle/123456789/29990
942 _2ddc
_cSC
999 _c591040
_d591040